Statistiques concernant Grille de mots #5

Cliquez ici pour prendre le quiz!

Statistiques générales

  • Ce quiz a été pris 123 fois
  • Le résultat moyen est 74 sur 89

Statistiques - réponses

Place de la lettreRéponses% Correct
2 FA
93%
4 FS
93%
3 JE
92%
7 FE
92%
3 FT
92%
2 GI
91%
6 FR
91%
1 FR
91%
1 JE
90%
2 JR
90%
10 FA
89%
1 GD
89%
9 FT
89%
2 HD
88%
2 IE
88%
3 IL
88%
4 HE
87%
10 AE
87%
3 GE
87%
1 HI
87%
4 IL
87%
4 GS
87%
1 IS
87%
10 DE
86%
10 CE
86%
5 GE
86%
10 BP
86%
4 EU
86%
1 EA
85%
5 IE
85%
1 AM
85%
5 AA
84%
6 GL
84%
7 HN
84%
7 JN
84%
7 IO
84%
8 GT
84%
5 JT
84%
2 DE
83%
3 DE
83%
1 BI
83%
1 DN
83%
8 JT
83%
8 BE
82%
6 JE
82%
9 JE
82%
8 HE
82%
8 EE
82%
1 CG
82%
2 AO
82%
8 CO
82%
8 IS
82%
10 JS
82%
3 ET
82%
10 GC
81%
5 CE
81%
5 BI
81%
9 GI
81%
8 AL
81%
5 HM
81%
8 DN
81%
2 BR
81%
9 IE
80%
2 CE
80%
9 DE
80%
10 IE
80%
6 HI
80%
5 EL
80%
3 BO
80%
3 AR
80%
3 CS
80%
4 AT
80%
5 DU
80%
9 CD
79%
7 AE
79%
6 EI
79%
9 HN
79%
4 BN
79%
7 CR
79%
9 ES
79%
6 BS
79%
6 DS
79%
10 HT
79%
6 AD
78%
7 DI
78%
7 EP
78%
4 CT
78%
9 AL
77%
7 BT
77%

Distribution des résultats

Percentile par nombre de réponses

% des personnes avec chaque résultat

Votre développement - résultats

Vous n’avez pas pris ce quiz